Estatísticas para Times Brasileirão 2023 series A, B e C

Clique aqui para jogar o quiz

Estatísticas Gerais

  • Esse quiz foi jogado 215 vezes
  • A pontuação média é 47 de 60

Estatísticas das Respostas

EstadoSERIE A% Correto
MGAtlético-MG
99%
RJBotafogo
99%
MGCruzeiro
99%
RJFlamengo
99%
GOGoiás
99%
SPPalmeiras
99%
SPSantos
99%
SPSão Paulo
99%
SPCorinthians
98%
RJFluminense
98%
RSGrêmio
98%
MGAmérica-MG
97%
BABahia
97%
RJVasco da Gama
97%
PRCoritiba
96%
CEFortaleza
96%
RSInternacional
96%
SPRed Bull Bragantino
96%
PRAthletico-PR
95%
MTCuiabá
94%
CECeará
93%
PESport Recife
92%
BAVitória
92%
GOAtlético-GO
90%
SCCriciúma
89%
SCChapecoense
88%
RSJuventude
86%
SPPonte Preta
85%
SCAvaí
82%
SPGuarani
81%
RNABC
80%
ALCRB
78%
PAPaysandu
78%
ALCSA
76%
GOVila Nova
76%
RNAmérica-RN
75%
SPItuano
74%
PRLondrina
74%
PARemo
74%
MASampaio Corrêa
74%
PENáutico
73%
AMAmazonas
70%
SPBotafogo-SP
70%
SPMirassol
69%
SPNovorizontino
69%
MGTombense
68%
SCFigueirense
67%
AMManaus
67%
RJVolta Redonda
66%
SCBrusque
63%
PBBotafogo-PB
61%
PROperário-PR
60%
SPSão Bernardo
54%
PIAltos
51%
RSYpiranga
46%
SEConfiança
44%
RSSão José
43%
GOAparecidense
42%
CEFloresta
38%
MGPouso Alegre
36%

Distribuição das Pontuações

Percentil de Números Respondidos

Porcentagem de Pessoas com Cada Pontuação

Sua Pontuação Histórica

Você não jogou esse quiz